000 00513nam a2200193 a 4500
001 7233
003 CO-ViMGA
008 141112s2004 ck r 000 u spa d
020 _a9586040658
040 _aCO-ViMGA
_bspa
_cCO-ViMGA
082 0 4 _a346.066 C111
100 1 _aCaballero Sierra, Garpar
_96388
245 1 0 _aLos consorcios públicos y privados
260 _aBogotá :
_bTemis,
_c1995
300 _a241 p
650 1 4 _aCONSORCIOS PRIVADOS
_96389
650 1 4 _aCONSORCIOS PUBLICOS
_96390
942 _2ddc
_cBK
999 _c19192
_d19192